|
|
|
|
| LEADER |
01106nam a2200301 a 4500 |
| 001 |
EBC588089 |
| 003 |
MiAaPQ |
| 005 |
20200520144314.0 |
| 006 |
m o d | |
| 007 |
cr cn||||||||| |
| 008 |
101015s2010 ii s 000 0 eng d |
| 020 |
|
|
|z 9789350245699
|
| 035 |
|
|
|a (MiAaPQ)EBC588089
|
| 035 |
|
|
|a (Au-PeEL)EBL588089
|
| 035 |
|
|
|a (CaPaEBR)ebr10416023
|
| 035 |
|
|
|a (OCoLC)700691287
|
| 040 |
|
|
|a MiAaPQ
|c MiAaPQ
|d MiAaPQ
|
| 050 |
|
4 |
|a HD60
|b .K86 2010
|
| 100 |
1 |
|
|a Kumar, Vipan B.
|
| 245 |
1 |
0 |
|a Social awareness, self awareness, personality development and current affairs
|h [electronic resource] /
|c Vipan B. Kumar.
|
| 260 |
|
|
|a Mumbai [India] :
|b Himalaya Pub. House,
|c 2010.
|
| 300 |
|
|
|a 89 p.
|
| 533 |
|
|
|a Electronic reproduction. Ann Arbor, MI : ProQuest, 2015. Available via World Wide Web. Access may be limited to ProQuest affiliated libraries.
|
| 650 |
|
0 |
|a Social accounting.
|
| 650 |
|
0 |
|a Personality development.
|
| 655 |
|
4 |
|a Electronic books.
|
| 710 |
2 |
|
|a ProQuest (Firm)
|
| 856 |
4 |
0 |
|u https://ebookcentral.proquest.com/lib/matrademy/detail.action?docID=588089
|z Click to View
|